000 00649nam a2200181Ia 4500
008 090630s9999 xx 000 0 und d
082 _b5612
100 _aकलगुटकर हिराकांत.
245 _aवेलकम माय डियर.
_cकलगुटकर हिराकांत.
260 _bमेहता.
_c1978
300 _a68
600 _aकलगुटकर हिराकांत.
630 _aवेलकम माय डियर.
655 _aनाटक.
700 _aकलगुटकर हिराकांत.
730 _aवेलकम माय डियर.
942 _cBOOK
999 _c257468
_d257468